书目信息 |
| 题名: |
社会组织管理精要十五讲
|
|
| 作者: | 徐本亮 著 | |
| 分册: | ||
| 出版信息: | 上海 上海社会科学院出版社 2024.06 |
|
| 页数: | 12,11,287页 | |
| 开本: | 24cm | |
| 丛书名: | ||
| 单 册: | ||
| 中图分类: | C916.1 | |
| 科图分类: | ||
| 主题词: | 社会组织管理--研究 | |
| 电子资源: | ||
| ISBN: | 978-7-5520-4398-3 | |
| 000 | 00957nam0 2200241 450 | |
| 001 | 013066868 | |
| 005 | 20251022162643.53 | |
| 010 | @a978-7-5520-4398-3@dCNY98.00 | |
| 100 | @a20240809d2024 em y0chiy0120 ea | |
| 101 | 0 | @achi |
| 102 | @aCN@b310000 | |
| 105 | @ay z 000yy | |
| 106 | @ar | |
| 200 | 1 | @a社会组织管理精要十五讲@9she hui zu zhi guan li jing yao shi wu jiang@f徐本亮著 |
| 205 | @a3版 | |
| 210 | @a上海@c上海社会科学院出版社@d2024.06 | |
| 215 | @a12,11,287页@d24cm | |
| 330 | @a本书作者根据管理大师彼得·德鲁克的思想,紧密联系中国社会组织的实际和痛点,结合其自身29年的公益实践,围绕社会组织的使命、公信力、治理、三大战略(营销战略、创新战略和资金发展战略)、绩效管理、人力资源管理、政府关系、自我发展等主题,介绍了社会组织管理的基本知识,还提供了操作方法。 | |
| 606 | 0 | @a社会组织管理@x研究 |
| 690 | @aC916.1@v5 | |
| 701 | 0 | @a徐本亮@9xu ben liang@4著 |
| 801 | 0 | @aCN@c20250910 |
| 905 | @a河南城建学院图书馆@dC916.1@eX673=3@ZX673=3@f1 | |
| 社会组织管理精要十五讲/徐本亮著.-3版.-上海:上海社会科学院出版社,2024.06 |
| 12,11,287页;24cm |
| ISBN 978-7-5520-4398-3:CNY98.00 |
| 本书作者根据管理大师彼得·德鲁克的思想,紧密联系中国社会组织的实际和痛点,结合其自身29年的公益实践,围绕社会组织的使命、公信力、治理、三大战略(营销战略、创新战略和资金发展战略)、绩效管理、人力资源管理、政府关系、自我发展等主题,介绍了社会组织管理的基本知识,还提供了操作方法。 |
| ● |
| 相关链接 |
|
|
|
正题名:社会组织管理精要十五讲
索取号:C916.1/X673=3
 
预约/预借
| 序号 | 登录号 | 条形码 | 馆藏地/架位号 | 状态 | 备注 |
| 1 | 1635327 | 216353274 | 社科库509/509社科库 62排8列5层/ [索取号:C916.1/X673=3] | 在馆 |